Theological language
Guardat en:
| Autor principal: | |
|---|---|
| Format: | Llibre |
| Idioma: | anglès |
| Publicat: |
Durham
Rosmini House
2004
|
| Matèries: | |
| Etiquetes: |
Afegir etiqueta
Sense etiquetes, Sigues el primer a etiquetar aquest registre!
|
MARC
| LEADER | 00000nam a2200000 a 4500 | ||
|---|---|---|---|
| 001 | UCI7181 | ||
| 003 | CL-VaPUC | ||
| 008 | 080613e20040000uk |||||||||||||||||eng|d | ||
| 020 | |a 189909301X | ||
| 082 | 0 | 4 | |a 230 |b ROS |2 21 |
| 100 | 0 | |a Rosmini, Antonio |e author |9 530321 | |
| 245 | 1 | 0 | |a Theological language |
| 300 | |a 76 p | ||
| 942 | |c BK | ||
| 945 | |d 20080613 00:00:00 |a jtorresc | ||
| 260 | |a Durham |b Rosmini House |c 2004 | ||
| 650 | 0 | |a Teología cristiana |9 308336 | |
| 650 | 7 | |a LENGUA Y LENGUAJE |2 CL-VaPUC |9 421352 | |
| 650 | 0 | |a Aspectos religiosos |9 257320 | |
| 650 | 0 | |a Iglesia Católica |9 256114 | |
| 650 | 7 | |a DOCTRINAS RELIGIOSAS |2 CL-VaPUC |9 337177 | |
| 583 | |a last modification |c 20171211 02:54:39 |k Rodrigo Vera | ||
| 999 | |c 330536 |d 330534 | ||
| 952 | |0 0 |1 0 |4 0 |6 230_000000000000000_ROS_2004 |7 0 |8 A |9 416123 |a BIBTEO |b BIBTEO |d 2019-11-22 |i 4448375 |o 230 ROS 2004 |p 4448375 |r 2025-01-17 |w 2019-11-22 |y BK |k ICR | ||